| 000 | 00744nam0a22002411 4500 | ||
|---|---|---|---|
| 001 | rc\648632 | ||
| 005 | 20031121164938.8 | ||
| 035 | _a(NLR Aleph) 005889012 | ||
| 090 |
_a6157617 _c6157617 |
||
| 100 | _a20031121d1986 u |0rusy50 ca | ||
| 101 | 0 | _arus | |
| 102 | _aRU | ||
| 105 | _aa ||||||||| | ||
| 200 | 1 |
_aФасоль _fОтв. ред. Б.П. Пукалов _gКишин. с.-х. ин-т им. М.В. Фрунзе |
|
| 210 |
_aКишинев _cШтиинца _d1986 |
||
| 215 |
_a193, [2] с. _cил. _d22 |
||
| 320 | _aБиблиогр.: с. 180-194 | ||
| 700 | 1 |
_aСтаканов _bФ. С. _gФедор Сергеевич |
|
| 801 | 0 |
_aRU _bNLR _gpsbo |
|
| 801 | 1 |
_aRU _bELAR _2rusmarc |
|
| 852 |
_aNLR _j86-5/5595 |
||
| 942 | _cBOOK | ||
| 980 | _aNB | ||